| 000 | 01146nam2a22002771 4500 | ||
|---|---|---|---|
| 001 | RU\NLR\INFOCOMM29\5000077829 | ||
| 005 | 20250806204820.0 | ||
| 035 | _a(NLR Aleph) 002415353 | ||
| 090 |
_a10692 _c10692 |
||
| 100 | _a20050120d1944 u y0rusy50 ca | ||
| 101 | 0 | _arus | |
| 102 | _aRU | ||
| 105 | _ay ||||000|y | ||
| 200 | 1 |
_aМетодика проведения контрольного анализа авиационных масел в походных условиях _fЕ.Ф. Пичугин |
|
| 210 | _d1944 | ||
| 461 | 0 |
_1001RU\NLR\INFOCOMM29\5000077537 _12001#$aТруды Центрального научно-исследовательского института авиационного моторостроения$fСССР НКТП. Глаавиапром. Глав. упр. авиац. пром-сти$v№70 |
|
| 700 | 1 |
_aПичугин _bЕ.Ф. _4070 |
|
| 801 | 1 |
_aRU _bInfoComm _c20050120 |
|
| 801 | 0 |
_aRU _bNLR _gPSBO |
|
| 852 |
_aNLR _bТ92 _jГ-5/10 |
||
| 942 | _cISSUE | ||
| 945 | _aРоссийская национальная библиотека | ||
| 980 | _aNB | ||
| 980 | _aBV | ||
| 980 | _aRUSPER | ||